000 00451nam a2200181Ia 4500
001 17991
005 20260306171557.0
008 260306s9999||||xx |||||||||||||| ||und||
041 _aESP
082 _a658.301
_bM41
100 _aMelé, Doménec
_eAUT
245 0 _aFundamentos antropológicos de la dirección de empresas
260 _c2015
300 _a409 páginas :
_c21 cm.
650 _aGEN
654 _aCAN
942 _cLIB
_dJUS
_fJUS
_2ddc
_n
999 _c17991
_d17991